Statistics for A Quiz About the Devil

Click here to take the quiz!

General Stats

  • This quiz has been taken 15,713 times
  • The average score is 13 of 20

Answer Stats

HintAnswer% Correct
Common name for the devil that starts with SSatan
98%
In some tellings, the devil was originally a fallen _____Angel
94%
Animal form the devil took when he tempted Adam and EveSerpent
92%
Marsupial "devil" that is native to Australia{Tasmanian} Devil
84%
The "number of the beast" in the Book of Revelation666
83%
Animal whose legs the devil is often portrayed as havingGoat
81%
Weapon / agricultural tool that the devil carriesPitchfork
74%
Spanish word for the devilDiablo
72%
Name of the devil that is Latin for "light-bringer"Lucifer
72%
Name of the devil, starting with B, that was originally the name of a Philistine godBeelzebub
69%
Food product the devil gave Homer Simpson in exchange for his soulDonut
67%
Name that Milton give to the devil in "Paradise Lost"The Prince of {Darkness}
66%
Person who was tempted by the devil when he fasted in the wildernessJesus
64%
Musical instrument the devil played in "The Devil Went Down to Georgia"Fiddle
62%
Band that recorded "Sympathy for the Devil"The Rolling Stones
51%
Religious pilgrimage during which people throw stones at the devilHajj
43%
Part of the "Divine Comedy" where Dante visits the devil at the center of hellInferno
39%
German legend about a man who made a "deal with the devil"Faust
38%
American city that once saw hundreds of acts of arson each year on
"Devil's Night", October 30
Detroit
34%
Duo who notably visited Kill Devil Hills, North Carolina in 1903The Wright Brothers
29%

Score Distribution

Percentile by Number Answered

Percent of People with Each Score

Your Score History

You have not taken this quiz